Cliquez sur les pays d'Amérique du Sud sur une carte sans frontières - Statistiques

Statistiques générales
  • Ce quiz a été pris 4 412 fois
  • Le résultat moyen est 9 sur 12
Réponses sur la Carte
Les réponses sont colorées sur une échelle allant du rouge au vert en fonction du pourcentage des utilisateurs qui les ont devinées à leur premier essai. Vous pouvez retrouver ces pourcentages ci-dessous.
 
Statistiques - réponses
Réponse % Correct
Brésil
81%
Argentine
80%
Chili
80%
Colombie
76%
Pérou
74%
Venezuela
74%
Uruguay
71%
Équateur
69%
Suriname
69%
Bolivie
66%
Guyana
66%
Paraguay
64%
Aucun quiz correspondant
Distribution des résultats
% des personnes avec chaque résultat
Percentile par nombre de réponses
Votre historique - résultats
Vous n’avez pas pris ce quiz